ბათუმის შოთა რუსთაველის სახელმწიფო უნივერსიტეტის ბიბლიოთეკა

ინტელექტუალური დარღვევის მქონე მოსწავლეების სწავლების მეთოდოლოგია (ბიბ.ჩანაწერი № 60966)

000 -ლიდერი
ფიქსირებული სიგრძის საკონტროლო ველი 01480nam a22002417a 4500
003 - საკონტროლო ნომრის იდენტიფიკატორი
საკონტროლო ველი Ge_BSU
005 - ბოლო ოპერაციის თარიღი და დრო
საკონტროლო ველი 20231130163552.0
008 - ფიქსირებული სიგრძის მონაცემთა ელემენტები - ზოგადი ინფორმაცია
ფიქსირებული სიგრძის საკონტროლო ველი 231130s2023 ge ||||| |||| 00| 0 geo d
020 ## - წიგნის საერთაშორისო სტანდარტული ნომერი
International Standard Book Number 9789941361074
041 ## - ენის კოდი
Language code of text/sound track or separate title geo
080 ## - უნივერსალური ათობითი კლასიფიკაციის ინდექსი
Universal Decimal Classification number 376.2 ი-67
245 ## - ცნობა სათაურის შესახებ
Title ინტელექტუალური დარღვევის მქონე მოსწავლეების სწავლების მეთოდოლოგია
Statement of responsibility, etc ავტ-ბი: ია აფთარაშვილი, იაგორ ბალანჩივაძე, ნინო მოდებაძე, ქეთევან დევაძე; სამეც რედ. მაია ჯავახიშვილი, ია აფთარაშვილი; თსუ.
264 ## - წარმოების, გამოცემის, დისტრიბუციის და სხვა ცნობები
გამოცემის, წარმოების, დისტრიბუციის... ადგილი თბილისი :
გამოცემის, წარმოების, დისტრიბუციის... სახელწოდება თსუ,
გამოცემის, წარმოების, დისტრიბუციის... თარიღი 2023.
300 ## - ფიზიკური აღწერა
Extent 270 გვ.:
Other physical details ილ.;
Dimensions 30 სმ.
700 ## - ADDED ENTRY--PERSONAL NAME
Personal name აფთარაშვილი, ია
Relator term ავტორი
9 (RLIN) 20520
700 ## - ADDED ENTRY--PERSONAL NAME
Personal name ბალანჩივაძე, იაგორ
Relator term ავტორი
9 (RLIN) 845
700 ## - ADDED ENTRY--PERSONAL NAME
Personal name მოდებაძე, ნინო
Relator term ავტორი
9 (RLIN) 20521
700 ## - ADDED ENTRY--PERSONAL NAME
Personal name დევაძე, ქეთევან
Relator term ავტორი
9 (RLIN) 20522
700 ## - ADDED ENTRY--PERSONAL NAME
Personal name ჯავახიშვილი, მაია
Dates associated with a name რედაქტორი
9 (RLIN) 20523
700 ## - ADDED ENTRY--PERSONAL NAME
Personal name აფთარაშვილი, ია
Relator term რედაქტორი
9 (RLIN) 20520
710 ## - ADDED ENTRY--CORPORATE NAME
Corporate name or jurisdiction name as entry element თსუ
9 (RLIN) 20524
942 ## - ADDED ENTRY ELEMENTS (KOHA)
Source of classification or shelving scheme
Koha item type წიგნი
ეგზემპლარები
ჩამოწერის სტატუსი დაკარგული ეგზემპლარის სტატუსი კლასიფიკაციის წყარო ან თაროზე გაწყობის სქემა დაზიანების სტატუსი არ გაიცემა მუდმივი მდებარეობა (დაცვის ადგილი) ამჟამინდელი ადგილსამყოფელი თაროზე განთავსების ადგილი შეძენის თარიღი ღირებულება, შესყიდვის ნორმალური ფასი სრული შენახვის შიფრი შტრიხკოდი ბოლო ოპერაციის თარიღი ეგზემპლარის მიმდევრობითი ნომერი (კეტერი?) Uniform Resource Identifier ფასის ძალაში შესვლის თარიღი ეგზემპლარის სახეობა საჯარო შენიშვნა
          ბათუმის შოთა რუსთაველის სახელმწიფო უნივერსიტეტის მთავარი ბიბლიოთეკა ბათუმის შოთა რუსთაველის სახელმწიფო უნივერსიტეტის მთავარი ბიბლიოთეკა წიგნსაცავი 2023-11-30 10.00 376.2 ი-67 66931 2023-11-30 66931 ნაჩუქარი 2023-11-30 წიგნი 10 ლ.